Účtovné súvzťažnosti
Na minha lista:
| Main Authors: | , |
|---|---|
| Formato: | Livro |
| Idioma: | eslovaco |
| Publicado em: |
Žilina :
Poradca podnikateľa, spol.s.r.o.,
2011
|
| Edição: | 11. vyd |
| Assuntos: | |
| Tags: |
Sem tags, seja o primeiro a adicionar uma tag!
|
MARC
| LEADER | 00000nam a22000003a 4500 | ||
|---|---|---|---|
| 001 | stu224967 | ||
| 005 | 20150617230016.2 | ||
| 008 | 110506s2011----xo------------------slo-d | ||
| 020 | |a 978-80-89363-50-6 | ||
| 040 | |a STU |b slo | ||
| 041 | 0 | |a slo | |
| 044 | |a xo | ||
| 080 | |a 657 | ||
| 100 | 1 | |a Kaletová, Viera |4 aut | |
| 245 | 1 | |a Účtovné súvzťažnosti | |
| 250 | |a 11. vyd | ||
| 260 | |a Žilina : |b Poradca podnikateľa, spol.s.r.o., |c 2011 | ||
| 300 | |a 488 s | ||
| 650 | 7 | |a účtovníctvo |2 stusub | |
| 700 | 1 | |a Turóciová, Jana |4 aut | |
| 996 | |b 284M079474 |c M*12957-1 |l MMKN |s A |a 24 |w stu224967_0001 | ||